লোডিং...

Report on currency and finance

গ্রন্থ-পঞ্জীর বিবরন
প্রধান লেখক: Reserve bank of India
বিন্যাস: Printed Book
ভাষা:English
প্রকাশিত: Bombay M G Gaint book directors of publication and documentations for the Reserve of India 1978
সংস্করন:2nd ed.
বিষয়গুলি:
LEADER 00635nam a22001817a 4500
005 20151215125554.0
008 100102t xxu||||| |||| 00| 0 eng d
082 |a 332.4  |b RBI 
100 |a Reserve bank of India  |9 11757 
110 |a Reserve bank of India  |9 1585 
245 |a Report on currency and finance 
250 |a 2nd ed. 
260 |b M G Gaint book directors of publication and documentations for the Reserve of India  |c 1978  |a Bombay 
300 |a 197p. 
653 |a Reports 
942 |c BK  |6 _ 
999 |c 106845  |d 106845 
952 |0 0  |1 0  |2 ddc  |4 0  |6 3324_RBI  |7 0  |9 134424  |a SMS  |b SMS  |c GEN  |d 2010-01-02  |o 332.4 RBI  |p SMS012635  |r 2010-01-02  |w 2010-01-02  |y BK